| 000 | 00477cam a2200181ua 4500 | ||
|---|---|---|---|
| 020 | _a0 412 24230 3 | ||
| 041 |
_aeng _h |
||
| 082 |
_a630.2195 _bMEA/ST |
||
| 100 | _aMead, R . | ||
| 245 |
_aStatistical methods in agriculture and experimental biology / _cR Mead. _hTextual Documents |
||
| 250 |
_a1 / _b. |
||
| 260 |
_aLondon : _bChapman and Hall Ltd , _c1983. |
||
| 300 | _a335 ; . | ||
| 504 | _a | ||
| 700 | 1 | _aCurnow, R N . | |
| 942 | _cBK | ||
| 999 |
_c10019 _d10019 |
||